000 01038cam a2200265 4500
008 020222n2001 000 0 eng u
020 _a0727730053
035 _a(Sirsi) u116803
041 _aeng
050 _a627.24
100 _aBrampton, A.
_xEditor
245 _aICE design and practice guides: coastal defence
260 _bThomas Telford
_c2001
300 _a104P.
_c30cm.
350 _a25.00
490 _aICE Design and Practice Guide
520 _aExplains how shorelines can be managed in a cost-effective and environmentally acceptable manner. Also includes guidance on the design, construction and maintenance of coastal defences. This guide will useful to civil engineers working with coastal defences, management and engineering, as well as local authorities and civil engineering students.
650 _aCOASTAL DEFENCES
650 _aSEAWALLS
650 _aCONSERVATION
650 _aEnvironment
_96238
650 _aCIVIL ENGINEERS
690 _aBUILT ENVIRONMENT-CONSTRUCTION DESIGN
942 _n0
999 _c101898
_d101898